| 000 | 05293cam a22017654i 4500 | ||
|---|---|---|---|
| 003 | PE-LiUPU | ||
| 005 | 20250813165652.0 | ||
| 008 | 150625s1972 nyu r 000 0 spa d | ||
| 035 | _a(Sirsi) a37987 | ||
| 040 |
_aPE-LiUPU _bspa _cPE-LiUPU _erda |
||
| 082 | 0 | 4 |
_a651.74 _bM29 _221 |
| 110 | 2 | _aOrganizacion de las Naciones Unidas para Desarrollo Industrial | |
| 245 | 1 | 0 |
_aPautas para la evaluación de proyectos / _cNaciones Unidas. |
| 264 | 1 |
_aNueva york : _bNaciones Unidas, _c1972 . |
|
| 300 |
_a415 páginas ; _c24 centímetros. |
||
| 336 |
_atext _2rdacontent |
||
| 337 |
_aunmediated _2rdamedia |
||
| 338 |
_avolume _2rdacarrier |
||
| 490 | 0 |
_aFormulación y evaluación de proyectos ; _v2 |
|
| 505 | 0 | _aIntroducción a la metodología del análisis de beneficios y costos nacionales. -Base conceptual del análisis de beneficios y costos sociales. -La rentabilidad comercial y sus limitaciones. -La rentabilidad económica nacional. -Aplicación de la metodología a nivel de proyectos. -El objetivo de consumo global: medición de los beneficios directos. -El objetivo de consumo global: medición de los costos directos. -Medición de los beneficios y costos indirectos. -El objetivo de redistribución. -El objetivo del empleo. -Recapitulación del beneficio neto total del proyecto. -La evaluación de proyectos en condiciones de incertidumbre. -Aplicación de la metodología a nivel de la planificación activa. -Función de la planificación nacional en la formulación y evaluación de proyectos. - Los parámetros nacionales: sentido, significación y derivación. -La opción intertemporal: La tasa de actualización social. -El salario de cuetas en una economìa con excedentes de mano de obra. -El valor de las divisas. -Coordinación de las decisiones sobre inversión. -El conflicto y la opción: recapitulación. -Estudios de casos concretos. -Análisis de beneficios y costos sociales de una fábrica de celulosa y papel en Sarania. -Análisis de beneficios y costos sociales de una fábrica de productos químicos en Palavia. -Análisis de beneficios y costos del proyecto de presa de Managua. -Fábrica de tablero de fibra en Oasis. | |
| 526 | _aP203 | ||
| 526 | _aP200 | ||
| 526 | _aSEG65 | ||
| 526 | _aSEG64 | ||
| 526 | _aSEG63 | ||
| 526 | _aSEG62 | ||
| 526 | _aSEG61 | ||
| 526 | _aSEG60 | ||
| 526 | _aSEG59 | ||
| 526 | _aSEG58 | ||
| 526 | _aSEG57 | ||
| 526 | _aSEG56 | ||
| 526 | _aSEG55 | ||
| 526 | _aSEG54 | ||
| 526 | _aSEG53 | ||
| 526 | _aSEG52 | ||
| 526 | _aSEG51 | ||
| 526 | _aSEG50 | ||
| 526 | _aSEG49 | ||
| 526 | _aSEG48 | ||
| 526 | _aSEG47 | ||
| 526 | _aSEG46 | ||
| 526 | _aSEG24 | ||
| 526 | _aSEG23 | ||
| 526 | _aSEG22 | ||
| 526 | _aSEG21 | ||
| 526 | _aSEG20 | ||
| 526 | _aSEG19 | ||
| 526 | _aSEG18 | ||
| 526 | _aSEG17 | ||
| 526 | _aSEG16 | ||
| 526 | _aSEG14 | ||
| 526 | _aSEG13 | ||
| 526 | _aSEG12 | ||
| 526 | _aSEG11 | ||
| 526 | _aSEG10 | ||
| 526 | _aSEG09 | ||
| 526 | _aSEG06 | ||
| 526 | _aSEG05 | ||
| 526 | _aSEG04 | ||
| 526 | _aSEG03 | ||
| 526 | _aSEG02 | ||
| 526 | _aSEG68 | ||
| 526 | _aSEG66 | ||
| 526 | _aSEG45 | ||
| 526 | _aSEG25 | ||
| 526 | _aSEG01 | ||
| 526 | _aP163 | ||
| 526 | _aP162 | ||
| 526 | _aP161 | ||
| 526 | _aP160 | ||
| 526 | _aP159 | ||
| 526 | _aP158 | ||
| 526 | _aP157 | ||
| 526 | _aP156 | ||
| 526 | _aP155 | ||
| 526 | _aP154 | ||
| 526 | _aP153 | ||
| 526 | _aP152 | ||
| 526 | _aP151 | ||
| 526 | _aP150 | ||
| 526 | _aP149 | ||
| 526 | _aP142 | ||
| 526 | _aP141 | ||
| 526 | _aP140 | ||
| 526 | _aP139 | ||
| 526 | _aP138 | ||
| 526 | _aP137 | ||
| 526 | _aP132 | ||
| 526 | _aP131 | ||
| 526 | _aP130 | ||
| 526 | _aP126 | ||
| 526 | _aP125 | ||
| 526 | _aP124 | ||
| 526 | _aP123 | ||
| 526 | _aP115 | ||
| 526 | _aP122 | ||
| 526 | _aP121 | ||
| 526 | _aP116 | ||
| 526 | _a P114 | ||
| 526 | _aP112 | ||
| 526 | _aP111 | ||
| 526 | _aP104 | ||
| 526 | _aP103 | ||
| 526 | _aP102 | ||
| 526 | _aP101 | ||
| 526 | _aP100 | ||
| 526 | _aP96 | ||
| 526 | _aP95 | ||
| 526 | _aP93 | ||
| 526 | _aP92 | ||
| 526 | _aP91 | ||
| 526 | _aP88 | ||
| 526 | _aP83 | ||
| 526 | _aP82 | ||
| 526 | _aP79 | ||
| 526 | _aP78 | ||
| 526 | _aP75 | ||
| 526 | _aP74 | ||
| 526 | _aP71 | ||
| 526 | _aP69 | ||
| 526 | _a P51 | ||
| 526 | _aP49 | ||
| 526 | _aP48 | ||
| 526 | _aP47 | ||
| 526 | _aP33 | ||
| 526 | _aP31 | ||
| 526 | _a P30 | ||
| 526 | _aP29 | ||
| 526 | _aP27 | ||
| 526 | _aP26 | ||
| 526 | _aP25 | ||
| 526 | _aP24 | ||
| 526 | _a P22 | ||
| 526 | _aP10 | ||
| 526 | _aP09 | ||
| 526 | _a P08 | ||
| 526 | _aP06 | ||
| 526 | _aP05 | ||
| 526 | _aP04 | ||
| 526 | _aP01 | ||
| 650 | 0 | 4 | _aPlanificación. |
| 650 | 0 | 4 | _aPERT (Análisis de redes). |
| 910 | _a | ||
| 942 |
_2ddc _cBOOK |
||
| 949 |
_a651.74 M29 _wDEWEY _c1 _i57100 _lCCODEBUL1 _mBUL _p18.00 _r0 _sY _tBOOK _u2015-06-25 _xFCE _PP04 _0COMPRA _o.STAFF. Colección General |
||
| 596 | _a1 | ||
| 999 |
_a651.74 M29 _wDEWEY _c46220 _i57100 _f2021-11-5 _g6 _lCCODEBUL1 _mBUL _p18.00 _r0 _sY _tBOOK _u2015-6-25 _xBIBLIOTECA _PP04 _0COMPRA _o.STAFF. Colección General _d46220 |
||
| 980 |
_81 _gALBERTO SANCHEZ Responsable de Automatización |
||